| 000 | 00748nam a2200301Ia 4500 | ||
|---|---|---|---|
| 008 | 170203s9999 xx 000 0 und d | ||
| 020 | _a0-545104629 | ||
| 050 | _aFic | ||
| 050 | _b.M992z 2008 | ||
| 100 | _aMuth, Jon J. | ||
| 245 | _aZen Ties / | ||
| 245 | _cby Jon J Muth. | ||
| 260 | _aNew York : | ||
| 260 | _bScholastic Inc. | ||
| 260 | _c2008 | ||
| 300 | _bcolor illustrations ; | ||
| 300 | _c29 cm. | ||
| 650 | _aBrothers and sisters -- | ||
| 650 | _aGiant panda -- | ||
| 650 | _aHelpfulness -- | ||
| 650 | _aHelping behavior -- | ||
| 650 | _aNeighbors -- | ||
| 650 | _xFiction. | ||
| 650 | _xJuvenile fiction. | ||
| 650 | _xJuvenile fiction. | ||
| 650 | _xJuvenile fiction. | ||
| 650 | _xJuvenile fiction. | ||
| 999 |
_c306175 _d306175 |
||